Hướng dẫn thực hành kế toán doanh nghiệp vừa và nhỏ /
Nội dung cuốn sách gồm:
Spremljeno u:
| Glavni autor: | |
|---|---|
| Daljnji autori: | |
| Format: | Knjiga |
| Jezik: | Vietnamese |
| Izdano: |
Hà Nội :
Thống Kê ,
2000
|
| Izdanje: | In lần thứ 1 |
| Teme: | |
| Oznake: |
Dodaj oznaku
Bez oznaka, Budi prvi tko označuje ovaj zapis!
|
| Thư viện lưu trữ: | Thư viện Trường CĐ Kỹ Thuật Cao Thắng |
|---|
| LEADER | 01208nam a2200265 a 4500 | ||
|---|---|---|---|
| 001 | TVCDKTCT11264 | ||
| 003 | Thư viện trường Cao đẳng Kỹ thuật Cao Thắng | ||
| 005 | 20090827000000 | ||
| 008 | 090827 | ||
| 980 | \ | \ | |a Thư viện Trường CĐ Kỹ Thuật Cao Thắng |
| 024 | |a RG_1 #1 eb0 i1 | ||
| 041 | 0 | # | |a vie |
| 082 | # | # | |a 657.9 / |b H561D-v |
| 100 | 1 | # | |a Võ Văn Nhị |
| 245 | 0 | 0 | |a Hướng dẫn thực hành kế toán doanh nghiệp vừa và nhỏ / |c Võ Văn Nhị, Trần Văn Việt |
| 250 | # | # | |a In lần thứ 1 |
| 260 | # | # | |a Hà Nội : |b Thống Kê , |c 2000 |
| 300 | # | # | |a 381tr. ; |c 28 cm |
| 520 | # | # | |a Nội dung cuốn sách gồm: |
| 520 | # | # | |a Phần 1: Giới thiệu tổng quát nội dung và phương pháp kế toán ở các doanh nghiệp vừa và nhỏ |
| 520 | # | # | |a Phần 2: Hướng dẫn thực hành trên sổ kế toán |
| 520 | # | # | |a Phần 3: Sơ đồ kế toán doanh nghiệp vừa và nhỏ |
| 520 | # | # | |a Phần 4: Chế độ chứng từ kế toán |
| 650 | # | 4 | |a Kế toán doanh nghiệp |
| 700 | 0 | # | |a Trần Văn Việt |